000
00273nam a2200121 a 4500
008
101022s1987|||| d
100
1
_a
Lászlová, Karin
245
1
0
_a
Zhubné ilúzie
260
_b
Osveta
_a
Matrin
_c
1987
020
_c
12
041
_a
slo
044
_a
xo
_c
SK
999
_c
12040
_d
12040